| 000 | 00656 a2200229 4500 | ||
|---|---|---|---|
| 001 | 200001536 | ||
| 999 |
_c200001536 _d15745 |
||
| 003 | TR-AnTOB | ||
| 005 | 20190412175942.0 | ||
| 008 | 160902d19869999xxktn0p 0 0 | ||
| 022 | _a0951-7626 | ||
| 041 | _aeng | ||
| 099 | _aJOURNAL - TEAC TR | ||
| 210 | _aTeach. train. | ||
| 245 | 0 | 4 |
_aThe Teacher trainer : _ba practical journal for those who train, mentor and educate TESOL teachers |
| 260 |
_aCanterbury : _bPilgrims, _c1986- |
||
| 300 |
_av.: _c30 cm. |
||
| 310 | _aThree times a year | ||
| 362 | _a1986- | ||
| 650 | 0 |
_aLanguage and languages _xStudy and teaching _vPeriodicals _zPeriodicals _973303 |
|
| 942 | _cCR | ||